000 01600cad a22002535a 4500
001 L158517
008 131031s2015 xxk f f 001 0 eng d
035 _a(Sirsi) u158517
041 0 _aeng
110 2 _aRoyal Institution of Chartered Surveyors
_94900
245 0 4 _aThe New Waterfront
_bWho Benefits?
_h[electronic resource]
260 _aLondon
_bRICS
_c2015
490 0 _aRICS Research
520 _aSets out to review the current state of urban waterfront regeneration in the context of neoliberal urbanism and city competitiveness. It examines current trends, themes and issues in waterfront regeneration and assesses who benefits from such initiatives, through four case studies in the waterfront areas of Belfast- Northern Ireland, Liverpool - England, Cardiff- Wales and Dublin- Republic of Ireland. Includes an analysis of the economic and social benefits of the scheme to nearby disadvantaged areas and to the cities as a whole. It considers whether the research evidence points towards a new stage in waterfront development- the restructured ?competitive waterfront and it finally makes practical recommendations for the future of such development at a time of economic retrenchment.
650 2 4 _aMIXED-USE DEVELOPMENTS
651 4 _aUnited Kingdom
690 _aPlanning and development
_96259
700 1 _aMuir, Jenny
700 1 _aBoland, Philip
700 1 _aMcKnight, Martina
700 1 _aBronte, John
856 4 0 _uhttps://www.propertyresearchtrust.org/uploads/1/3/4/8/134819607/the_new_waterfront.pdf
_zAvailable from the Property Research Trust
942 _n0
_2ddc
999 _c115357
_d115357